Eliminierung nach Kategorie - Hauptstädte #1 - Statistiken

Allgemein
  • Dieses Quiz wurde 129 mal gespielt
  • Das Durchschnittsergebnis liegt bei 14 aus 20
Antwortstatistiken
Gruppe # Kategorie % Korrekt
Grün 45 Hauptstädte in Europa
100%
Grün 21 ... mit weniger als 1 mio. Einwohnern
98%
Orange 114 Hauptstädte mit mehr als 1 mio. Einwohnern
90%
Orange 68 ... in Asien oder Afrika
90%
Grün 8 ... den Buchstaben "S" enthält
88%
Blau 56 Hauptstädte in der westlichen Hemisphäre
84%
Grün 3 ... sich im Balkan befinden
79%
Orange 13 ... auf der Südhalbkugel
78%
Lila 98 Hauptstädte, die mit einem Buchstaben vor M beginnen
72%
Lila 71 ... deren Land kein Binnenland ist
71%
Blau 20 ... sich weder in Nord- noch Südamerika befinden
67%
Blau 16 ... mit einer Durchschnittshöhe von unter 100m
66%
Blau 4 ... deren Name auf "N" endet
61%
Orange 5 ... deren Name auf "A" endet
57%
Lila 17 ... in Asien
53%
Grün 1 ... deren Land kein Binnenland ist Sarajevo
52%
Blau 1 … und ein mediterranes Klima hat Lissabon
50%
Lila 6 ... sich südlich des nördlichen Wendekreises befinden
43%
Lila 1 ... deren Name auf "A" endet Jakarta
27%
Orange 1 ... sich direkt neben einem anderen Land befindet Kinshasa
27%
Keine übereinstimmenden Quizze gefunden
Verteilung der Resultate
Anzahl Personen mit jedem Resultat
Perzentil nach korrekt beantworteten Fragen
Ihre Resultats-Entwicklung
Sie haben dieses Quiz noch nicht gespielt